000 00523nam a22001937a 4500
003 OSt
005 20180116183047.0
008 160722b xxu||||| |||| 00| 0 eng d
020 _a9780071147149
040 _c0
082 _a338.5024658 SAL 1996
100 _aDominick Salvatore
245 _aManagerial Economics in A Global Economy
_cDominick Salvatore
250 _a3rd edition
260 _aUSA
_bMcGraw-Hill
300 _a723 p.
_bPB
440 _aManagerial Economics in A Global Economy
942 _2ddc
_cBK
999 _c351487
_d351487